000 00426nam a2200181Ia 4500
008 100917s9999 xx 000 0 und d
082 _b14328
100 _aजोशी ह. न.
245 _aकौमुदी
260 _b---
_c1940
300 _a40
365 _b0.5
520 _aकविता
630 _aकौमुदी
650 _aकविता
730 _aकौमुदी
942 _cBOOK
999 _c619722
_d619719